|
|
|
|
| LEADER |
01181nam a22003377a 4500 |
| 001 |
43546 |
| 003 |
BD-DhAAL |
| 005 |
20241103130848.0 |
| 008 |
241102t2004 enka|||| |||| 00| 0 eng d |
| 020 |
|
|
|a 034073762X
|
| 020 |
|
|
|a 9780340737620
|
| 040 |
|
|
|a BD-DhAAL
|d BD-DhAAL
|
| 082 |
|
|
|a 658.4/02
|
| 100 |
|
|
|a Kourdi, Jeremy.
|9 57109
|
| 245 |
|
|
|a Successful delegation in a week /
|c Jeremy Kourdi.
|
| 260 |
|
|
|a London :
|b Hodder & Stoughton,
|c 2004.
|
| 300 |
|
|
|a 94 pages :
|b illustrations ;
|c 20 cm.
|
| 490 |
|
|
|a In a week
|
| 490 |
|
|
|a Successful business in a week
|
| 541 |
|
|
|a Savar campus library
|e 43546
|
| 650 |
|
|
|a Delegation of authority.
|9 5584
|
| 650 |
|
|
|a Management.
|
| 650 |
|
|
|a Organization.
|
| 650 |
|
|
|a Industrial organization.
|
| 650 |
|
|
|a Industrial management.
|
| 710 |
|
|
|a Institute of Management.
|
| 830 |
|
|
|a In a week
|
| 830 |
|
|
|a Successful business in a week
|9 57122
|
| 942 |
|
|
|2 ddc
|c BK
|
| 999 |
|
|
|c 47084
|d 47084
|
| 952 |
|
|
|0 0
|1 0
|2 ddc
|4 0
|6 658_402000000000000_KOU
|7 0
|9 76861
|a SCL
|b SCL
|c GEN
|d 2024-11-02
|e Savar Campus Library
|g 185.00
|l 0
|o 658.402 KOU
|p 3020043546
|r 2024-11-02
|t 1
|w 2024-11-02
|y BK
|x Price available in register. Savar Campus Library.
|